| 000 | 00660nam a2200217Ia 4500 | ||
|---|---|---|---|
| 999 |
_c36269 _d36269 |
||
| 001 | 2176 | ||
| 003 | GE_BSU | ||
| 005 | 20221024155016.0 | ||
| 008 | 181216s1998en xx |||||||||||||| ||eng|| | ||
| 020 | _a194702235 | ||
| 040 | _cGE_BSU | ||
| 041 | _aeng | ||
| 080 | _a811.111(075.8) S-70 | ||
| 100 |
_aSoarsLiz & nJoh _915494 |
||
| 245 |
_aHeadway. English Course.Intermediate : _bStudegt' s Book / _c nJoh& SoarsLiz |
||
| 264 |
_aOxford : _bUniversity Press, _c1998. |
||
| 300 |
_a2960 p. : _b28 cm |
||
| 653 | _aHeadway. English Course.Intermediate Studegt' s Book. | ||
| 653 | _aინგლისური ენის კურსი | ||
| 942 |
_cBK _2udc |
||